| 000 | 02197nam0a2200385 4500 | ||
|---|---|---|---|
| 001 | RU\NLR\bibl\1373856 | ||
| 005 | 20260405193203.0 | ||
| 010 |
_a978-5-86911-794-6 _9100 |
||
| 021 |
_aRU _b2009-25150 _91487 |
||
| 035 | _a(nilc)RSL-KNO-004273734 | ||
| 035 | _aRU\USATU\books\221148 | ||
| 035 | _aEL/0000277124 | ||
| 035 | _a(NLR Aleph) 001365974 | ||
| 090 |
_a1011122 _c1011122 |
||
| 100 | _a20090331d2008 |||y0rusy50 ca | ||
| 101 | 0 | _arus | |
| 102 | _aRU | ||
| 105 | _aa ||||||||| | ||
| 200 | 1 |
_aПроектирование компонентов для полностью оптических сетей _eучебное пособие для студентов высших учебных заведений, обучающихся по направлению подготовки дипломированных специалистов 210400 - "Телекоммуникации" _fИ. Л. Виноградова _gФедеральное агентство по образованию, Гос. образовательное учреждение высш. проф. образования Уфимский гос. авиационный технический ун-т |
|
| 210 |
_aУфа _cРед.-изд. комплекс УГАТУ _d2008 |
||
| 215 |
_a141 с. _cил. _d21 |
||
| 225 | 1 |
_aПриоритетные национальные проекты _iОбразование |
|
| 313 | _aВОЛС | ||
| 320 | _aБиблиогр.: с. 136-139 (55 назв.) | ||
| 606 | 1 |
_aВолоконно-оптические линии связи _jУчебные издания для высших учебных заведений _xПроектирование _92178770 _3RU\NLR\auth\661310353 |
|
| 686 |
_aЗ886.3я73-1 _2rubbk |
||
| 686 | _aЗ889.79-02я73-1 | ||
| 700 | 1 |
_4070 _8rus _7ca _aВиноградова _bИ. Л. _cканд. техн. наук, телекоммуникации _gИрина Леонидовна _3RU\NLR\auth\7785032 _967960 |
|
| 801 | 0 |
_aRU _bРГБ _c20090331 _grcr |
|
| 801 | 1 |
_aRU _bРГБ _c20090331 |
|
| 801 | 2 |
_aRU _bНТБ Уфимского ГАТУ _c20090624 _gPSBO |
|
| 801 | 2 |
_aRU _bNLR _c20090528 _grcr |
|
| 942 | _cBOOK | ||
| 980 | _aNB | ||